| 000 | 00374nam a2200157Ia 4500 | ||
|---|---|---|---|
| 003 | 0STCL | ||
| 008 | 150530s9999 xx 000 0 und d | ||
| 040 |
_aSTCL _cSTCL |
||
| 100 | _aWadia, P.A.; Joshi, G.N. | ||
| 245 | _aMoney and the money market in India | ||
| 260 |
_bMacmillan _c1926 |
||
| 546 | _aEnglish | ||
| 942 |
_2ddc _cBK |
||
| 999 |
_c9738 _d9738 |
||
| 005 | 20220125165533.0 | ||